|
|
|
|
| LEADER |
00901cam a2200265 7i4500 |
| 001 |
0000032747 |
| 005 |
20160715090000.0 |
| 090 |
0 |
0 |
|a PHOT 338.7
|b CHI (CD)
|
| 245 |
0 |
0 |
|a The 11th China ASEAN Expo [CAEXPO] 2014 ( 16 - 19 September 2014 : Nanning International Convention & Exhibition Centre, Nanning China).
|
| 300 |
# |
# |
|a 6 photographs:
|b col.;
|c 1CD-RW.
|
| 500 |
0 |
0 |
|a Photographs
|
| 600 |
0 |
0 |
|a Ong Yew Chee
|
| 600 |
0 |
0 |
|a Ruzlisham Mat Diah
|
| 600 |
0 |
0 |
|a Ahmad Khairuddin
|
| 600 |
0 |
0 |
|a Yong Yoon Kian
|
| 600 |
0 |
0 |
|a Ong Chong Yi
|
| 600 |
0 |
0 |
|a Toh Chin Yaw
|
| 600 |
0 |
0 |
|a Lua Choon Hann, Dato'
|
| 600 |
0 |
0 |
|a Lui Zhendong
|
| 600 |
0 |
0 |
|a Suresh Kumar
|
| 600 |
0 |
0 |
|a Dzulkifli Mahmud, Dato'
|
| 600 |
0 |
0 |
|a CAEXPO
|
| 650 |
0 |
0 |
|a The 11th China ASEAN Expo [CAEXPO] --
|y 2014
|
| 650 |
0 |
0 |
|a MATRADE --
|x Photograph Collections --
|y 2014
|
| 999 |
|
|
|a PC00001242
|b Photographs
|c Photographs
|e Business Information Centre
|